000 01156nam a2200385 4500
001 177604
003 DO-SdBNP
005 20161123095526.0
007 177604
008 920407s1990 sp | |||| ||spa
016 7 _a
_2BPMSU
017 _a
_b
020 _a8434827255
035 _a
040 _aBPMSU
_bspa
_cBPMSU
_e
041 1 _aspa
_h
080 0 _a
082 _a863.6
_bL719q 1990
100 1 _aLienas, Gemma
_d1951-
240 1 3 _aLa lluna en un cove
_lEspañol
245 1 0 _aQuerer la luna /
_cGemma Lienas ; ilustraciones de Pablo Echevarría ; traducción Gemma Lienas
_h
250 _a2ª ed.
260 _aMadrid :
_bSM,
_c1990
300 _a63 p. :
_bil. ;
_c19 cm.
490 _aEl barco de vapor ;
_aSerie blanca,
_v166
500 _a
586 _aPremio Nacinal a la mejor labor editorial en literatura infantil
650 _aCUENTOS INFANTILES ESPAÑOLES
650 _aLITERATURA INFANTIL ESPAÑOLA
700 1 _aEchevarría, Pablo
_4il.
700 1 _aLienas, Gemma
_etr.
830 _pSerie blanca,
_v 166
_aEl barco de vapor ;
942 _2ddc
_cBK
956 _aVMATEO
_210
_320151125
_6BPMSU
_80069
999 _c12048
_d12048